Records and information management

Պահպանված է:
Մատենագիտական մանրամասներ
Հիմնական հեղինակ: FRANKS, Patrica. C.
Ձևաչափ: Գիրք
Լեզու:անգլերեն
Հրապարակվել է: Facet publishing 2018
Ցուցիչներ: Ավելացրեք ցուցիչ
Չկան պիտակներ, Եղեք առաջինը, ով նշում է այս գրառումը!

MARC

LEADER 00000nam a22000007a 4500
008 210812b ||||| |||| 00| 0 eng d
020 |a 9781783304301 
100 |a FRANKS, Patrica. C. 
245 |a Records and information management  |c  / Patrica .C Franks  |g xxiv, 497p 
250 |b 2nd ed. 
260 |b Facet publishing  |c 2018  |d Book  |h London  |i 696780  |i 696781  |l HF5736.F85  |m Records-United states-Management  |m Business records-United state -Management  |m Archives-United state -Administration  |m Library science- United states  |m Tittle 
500 |a " It includes bibliography and index"  
942 |a lcc  |c BK  |e Olagoke, M.A.  |f 12/08/2021 
952 |0 0  |1 0  |2 lcc  |4 0  |6 HF5736 F85  |7 0  |9 3004  |a HOL  |b HOL  |c GJ  |d 2021-12-16  |o HF5736.F85  |p 2021-66697  |t 696780  |y BK 
952 |0 0  |1 0  |2 lcc  |4 0  |7 0  |9 3005  |a HOL  |b SSL  |c GJ  |d 2021-08-12  |o HF 5736.F85  |p 2021-66698  |r 2021-08-12 00:00:00  |t 696781  |w 2021-08-12  |y BK 
999 |c 1522  |d 1522